Guide to quality control

This classic, hands-on guide, written by one of the most widely respected masters of quality, teaches the fundamental tools of quality, including: Data collection, Control charts, Histograms,.. This best-selling text has been used extensively by schools and major U.S. companies for training students...

Cijeli opis

Spremljeno u:
Bibliografski detalji
Glavni autor: Ishikawa, Kaoru
Format: Knjiga
Jezik:Undetermined
Izdano: Tokyo Asian Productivity Organization 1976
Teme:
Oznake: Dodaj oznaku
Bez oznaka, Budi prvi tko označuje ovaj zapis!
Thư viện lưu trữ: Trung tâm Học liệu Trường Đại học Cần Thơ
LEADER 00999nam a2200205Ia 4500
001 CTU_94246
008 210402s9999 xx 000 0 und d
082 |a 620 
082 |b I.79 
100 |a Ishikawa, Kaoru 
245 0 |a Guide to quality control 
245 0 |c Kaoru Ishikawa 
260 |a Tokyo 
260 |b Asian Productivity Organization 
260 |c 1976 
520 |a This classic, hands-on guide, written by one of the most widely respected masters of quality, teaches the fundamental tools of quality, including: Data collection, Control charts, Histograms,.. This best-selling text has been used extensively by schools and major U.S. companies for training students, supervisors, and line personnel. Simply written and self-teaching, it encourages workers to seek out applications of the tools in their work. Includes practice problems. 
650 |a Quality control 
650 |x Statistical methods 
904 |i M.Loan 
980 |a Trung tâm Học liệu Trường Đại học Cần Thơ